[Event "Dos Hermanas Qualifier"]
[Site "Internet ICC"]
[Date "2000.03.19"]
[Round "5.1"]
[White "Tyomkin,D"]
[Black "Gonzalez Rodriguez,JA"]
[Result "1/2-1/2"]
[WhiteElo "2516"]
[BlackElo "2312"]

1.d4 Nf6 2.Nf3 e6 3.c4 Bb4+ 4.Bd2 Qe7 5.g3 b6 6.Bg2 Bb7 7.O-O Bxd2 8.Qxd2 O-O
9.Nc3 Ne4 10.Nxe4 Bxe4 11.d5 e5 12.Rad1 d6 13.Bh3 Bxf3 14.exf3 a5 15.f4 exf4
16.Qxf4 Nd7 17.Rfe1 Ne5 18.Re3 Rfe8 19.Qd4 Qf8 20.f4 Ng6 21.Rde1 Rxe3 22.Qxe3 Qd8
23.Qd4 Kf8 24.Bf5 Rb8 25.h4 h6 26.Bxg6 fxg6 27.Re6 Qd7 28.b3 Re8 29.Qe4 Rxe6
30.dxe6 Qe8 31.g4 Ke7 32.Kf2 h5 33.gxh5 gxh5 34.Kg3 g6 35.Qd5 Kf6 36.Kf3 Qxe6
37.Qg5+ Kf7 38.Qd8 Qe7 39.Qc8 Kf6 40.Qg8 Qd7 41.Qf8+ Qf7 42.Qh8+ Ke7 43.Qc8 c5
44.Qb7+ Ke6 45.Qd5+ Ke7 46.Qb7+ Kf6 47.Qxb6 Qe6 48.Qd8+ Kf7 49.Qc7+ Kf6 50.Qd8+ Kg7
51.Qc7+ Kh6 52.Qd8 Qg4+ 53.Ke4 Qg2+ 54.Ke3 Qg3+ 55.Ke4 Qg2+ 56.Ke3 Qg3+ 57.Ke2 Qg4+
58.Ke3 Qg3+ 59.Ke4  1/2-1/2

[Event "NED-chT"]
[Site "Leeuwarden NED"]
[Date "2000.03.19"]
[Round "6"]
[White "Roobol,M"]
[Black "Kosashvili,Y"]
[Result "0-1"]
[WhiteElo "2246"]
[BlackElo "2548"]

1.d4 Nf6 2.c4 e6 3.Nf3 Bb4+ 4.Bd2 c5 5.Bxb4 cxb4 6.Qd3 O-O 7.Nbd2 d6 8.e4 Qc7
9.e5 dxe5 10.Nxe5 Rd8 11.Ne4 Nbd7 12.Nxf6+ Nxf6 13.Be2 b6 14.Bf3 Bb7 15.O-O Qxe5
16.dxe5 Rxd3 17.Bxb7 Rb8 18.Rfd1 Rxd1+ 19.Rxd1 Ng4 20.f4 g5 21.Bf3 Ne3 22.Rd4 gxf4
23.Kf2 Rc8 24.b3 Rc5 25.g3 Kf8 26.gxf4 Nf5 27.Rd7 Ra5 28.Rd2 f6 29.exf6 Kf7
30.Be4 Kxf6 31.Bxf5 Kxf5 32.Kf3 Ra3 33.Re2 a5 34.Ke3 a4 35.Rb2 h6 36.h3 h5
37.Kf3 axb3 38.Rxb3 Rxb3+ 39.axb3 h4 40.Ke3 e5 41.fxe5 Kxe5  0-1

[Event "21st Open A"]
[Site "Bled SLO"]
[Date "2000.03.25"]
[Round "1"]
[White "Borovikov,V"]
[Black "Jakovljevic,Vlado"]
[Result "1-0"]
[WhiteElo "2472"]
[BlackElo "2310"]

1.d4 Nf6 2.Nf3 e6 3.c4 Bb4+ 4.Bd2 c5 5.Bxb4 cxb4 6.e3 O-O 7.Be2 d6 8.O-O Nc6
9.Qb3 a5 10.a3 bxa3 11.bxa3 b6 12.Nc3 Ba6 13.Rab1 Rb8 14.Rfd1 Ne7 15.Rd2 Qc7
16.Rdb2 Nd7 17.Nb5 Bxb5 18.Qxb5 Rfc8 19.Nd2 d5 20.Rc2 Qd6 21.Rbc1 Nf6 22.Qb2 Qd8
23.g3 Ne8 24.cxd5 Rxc2 25.Rxc2 Nxd5 26.Bb5 Nd6 27.Nc4 Nxb5 28.Qxb5 Rc8 29.Qb3 h5
30.h4 g6 31.Ne5 Rxc2 32.Qxc2 b5 33.Qc5 b4 34.axb4 Nxb4 35.Qa7 Qf6 36.Qxa5 Nd5
37.e4 Nf4 38.gxf4 Qxf4 39.Qd8+ Kg7  1-0

[Event "21st Open A"]
[Site "Bled SLO"]
[Date "2000.03.26"]
[Round "2"]
[White "Belotelov,D"]
[Black "Atalik,S"]
[Result "0-1"]
[WhiteElo "2280"]
[BlackElo "2575"]

1.d4 Nf6 2.Nf3 e6 3.c4 Bb4+ 4.Bd2 a5 5.Nc3 O-O 6.Bg5 h6 7.Bh4 d6 8.e3 Nbd7
9.Rc1 Bxc3+ 10.Rxc3 b6 11.Nd2 Bb7 12.Bd3 Bxg2 13.Rg1 Bb7 14.Bb1 Re8 15.f4 e5
16.fxe5 dxe5 17.d5 g5 18.e4 Nf8 19.Nf3 N6h7 20.Nxg5 hxg5 21.Bxg5 Nxg5 22.h4 Ng6
23.Rxg5 Kf8 24.Qh5 Qf6 25.Rf3 Nf4 26.Rxf4 Qxf4 27.Rf5 Qg3+ 28.Ke2 Re7 29.Bc2 Qg2+
30.Ke3 a4 31.Rg5 Qh3+ 32.Kd2 Ke8 33.Bd1 Qh2+ 34.Kc3 Kd7 35.Bg4+ Kd6 36.Rf5 Qg3+
37.Rf3 Qe1+ 38.Kd3 Qd1+ 39.Kc3 Qd4+ 40.Kc2 Qxe4+ 41.Rd3 Qg6  0-1

[Event "Israeli League"]
[Site "Ramat Aviv ISR"]
[Date "2000.03.31"]
[Round "8"]
[White "Reznik,V"]
[Black "Vovsha,E"]
[Result "0-1"]
[WhiteElo "2296"]
[BlackElo "2346"]

1.d4 Nf6 2.c4 e6 3.Nf3 Bb4+ 4.Bd2 a5 5.Qc2 O-O 6.g3 d6 7.Bg2 Nbd7 8.O-O e5
9.Nc3 exd4 10.Nxd4 Re8 11.b3 Nb6 12.Rad1 Bc5 13.Bg5 h6 14.Bf4 Qe7 15.Nf5 Bxf5
16.Qxf5 c6 17.Bf3 Bb4 18.Qc2 Nbd7 19.Bc1 Nc5 20.Bb2 a4 21.Nxa4 Nxa4 22.bxa4 Bc5
23.e3 Ra7 24.Rd3 Rea8 25.Bd1 Nd7 26.Qe2 Nb6 27.Qg4 Qg5 28.Qe4 Nxa4 29.f4 Qd8
30.Ba1 Bb6 31.Qf5 Nc5 32.Qg4 f6 33.Rd2 Rxa2 34.Rxa2 Rxa2 35.Bf3 Qd7 36.f5 Qe7
37.Bd4 Nd7 38.Kh1 Ne5 39.Qh5 Nxf3 40.Qxf3 Bxd4 41.exd4 Rd2 42.Qg4 h5 43.Qf3 Rxd4
44.Qxh5 Qe4+ 45.Kg1 Rd2  0-1

[Event "21st Open A"]
[Site "Bled SLO"]
[Date "2000.04.01"]
[Round "8"]
[White "Zheliandinov,V"]
[Black "Cebalo,M"]
[Result "1-0"]
[WhiteElo "2411"]
[BlackElo "2553"]

1.d4 Nf6 2.c4 e6 3.Nf3 Bb4+ 4.Bd2 Qe7 5.g3 Nc6 6.Bg2 Bxd2+ 7.Nbxd2 d6 8.O-O O-O
9.e4 e5 10.d5 Nb8 11.Ne1 a5 12.f4 Na6 13.Nd3 Nd7 14.f5 f6 15.g4 Nac5 16.Nf2 c6
17.b3 g6 18.a3 Nb8 19.Qc2 Bd7 20.b4 axb4 21.axb4 Rxa1 22.Rxa1 Nca6 23.Qb1 Kh8
24.Ra3 Rg8 25.dxc6 bxc6 26.Rd3 Be8 27.Nf1 Bf7 28.Ne3 Qc7 29.Qb2 Rd8 30.Qd2 Rd7
31.h4 g5 32.hxg5 fxg5 33.f6 Qd8 34.Nf5 Qxf6 35.Nxd6 Bg8 36.c5 Nc7 37.Rf3 Qg7
38.Rf5 Ne6 39.Nd3 Ra7 40.Qb2 Nd7 41.Ne8 Qh6 42.Nxe5 Ng7 43.Nf7+ Bxf7 44.Rxf7  1-0

[Event "FSIMA April"]
[Site "Budapest HUN"]
[Date "2000.04.02"]
[Round "2"]
[White "Cooke,E"]
[Black "Froehlich,P"]
[Result "0-1"]
[WhiteElo "2266"]
[BlackElo "2375"]

1.d4 Nf6 2.c4 e6 3.Nf3 Bb4+ 4.Bd2 Qe7 5.g3 Nc6 6.Bg2 Bxd2+ 7.Nbxd2 d6 8.h3 O-O
9.O-O e5 10.d5 Nb8 11.e4 a5 12.b3 Na6 13.a3 Bd7 14.Ne1 b5 15.Nd3 Rfb8 16.Qc2 c5
17.f4 Ne8 18.fxe5 dxe5 19.Qc3 f6 20.cxb5 Bxb5 21.h4 Nd6 22.Bh3 a4 23.Be6+ Kh8
24.bxa4 Bxd3 25.Qxd3 c4 26.Nxc4 Nc5 27.Qc2 Nxc4 28.Qxc4 Rxa4 29.Rfb1 Rba8
30.Qb5 Nxe6 31.dxe6 Qxe6 32.Qxa4 Rxa4 33.Rb8+ Qg8 34.Rxg8+ Kxg8 35.Kf2 Kf7
36.Ke3 Kg6 37.Kf3 Kh5 38.Ra2 g6 39.Ra1 f5 40.exf5 gxf5 41.Ra2 f4 42.gxf4 Rxf4+
43.Kg3 Rg4+ 44.Kf3 Ra4 45.Kg3 h6 46.Ra1 Kg6 47.Ra2 h5 48.Ra1 Ra6 49.Kh3 Ra4
50.Kg3 Kf5 51.Rf1+ Ke6 52.Rf3 Rg4+ 53.Kh3 e4 54.Rb3 Ke5 55.a4 Kd4 56.Rb8 e3
57.Rd8+ Kc3 58.Re8 Kd3 59.a5 e2 60.a6 Ra4  0-1

[Event "Chalapathi GM"]
[Site "Guntur, AP IND"]
[Date "2000.04.04"]
[Round "2"]
[White "Fominyh,A"]
[Black "Koneru,H"]
[Result "1-0"]
[WhiteElo "2551"]
[BlackElo "2244"]

1.d4 Nf6 2.Nf3 e6 3.c4 Bb4+ 4.Bd2 Qe7 5.g3 O-O 6.Bg2 Nc6 7.O-O Bxd2 8.Qxd2 Ne4
9.Qf4 f5 10.d5 e5 11.Qe3 Nb4 12.Ne1 Nf6 13.a3 Na6 14.b4 d6 15.Nd2 Nb8 16.Nb3 Nbd7
17.Nd3 Re8 18.Qc1 e4 19.Nf4 Ne5 20.a4 Ng6 21.e3 Nxf4 22.exf4 Bd7 23.Re1 Qf7
24.Qc3 Rec8 25.Qd4 b6 26.Qd2 a6 27.Bf1 Kh8 28.Red1 Qe8 29.Qa2 Rcb8 30.a5 bxa5
31.Qxa5 e3 32.Re1 exf2+ 33.Kxf2 Ne4+ 34.Kg1 Qd8 35.Bg2 Rb6 36.Nd4 Rab8 37.b5 axb5
38.cxb5 Qf6 39.Red1 h6 40.Rab1 Kh7 41.Bxe4 fxe4 42.Qe1 Qg6 43.Rdc1 Bxb5 44.Rxc7 Bd3
45.Rxb6 Rxb6 46.Ne6 Rb1 47.Qxb1 Bxb1 48.Nf8+  1-0

[Event "53rd ch-YUG (women)"]
[Site "Herceg Novi YUG"]
[Date "2000.04.13"]
[Round "5"]
[White "Stoisavljevic,S"]
[Black "Petronic,J"]
[Result "0-1"]
[WhiteElo "2088"]
[BlackElo "2423"]

1.d4 Nf6 2.c4 e6 3.Nf3 Bb4+ 4.Bd2 Bxd2+ 5.Qxd2 d5 6.e3 O-O 7.Nc3 Qe7 8.Bd3 dxc4
9.Bxc4 Rd8 10.Qe2 c5 11.O-O cxd4 12.exd4 Nc6 13.Rad1 a6 14.a4 b6 15.Rfe1 Ra7
16.d5 exd5 17.Nxd5 Nxd5 18.Rxd5 Rxd5 19.Bxd5 Qxe2 20.Rxe2 Ne7 21.Bc4 Rc7
22.b3 Kf8 23.h3 Ng6 24.Rd2 Ke7 25.Ng5 h6 26.Re2+ Kf8 27.Ne4 Rd7 28.Rd2 Rxd2
29.Nxd2 a5 30.Bd5 Ne5 31.Nc4 Nxc4 32.Bxc4 g5 33.Kf1 Ke7 34.Ke2 f6 35.Ke3 Kd6
36.f4 Kc5 37.fxg5 fxg5 38.Bf7 Bf5 39.Kf3 Kd4 40.Bc4 Kc3 41.g3 Bc2 42.Kg4 Bxb3
43.Bb5 Bf7 44.h4 gxh4 45.Kxh4 Kb4 46.g4 Bb3 47.Kh5 Bxa4 48.Bxa4 Kxa4 49.Kxh6 b5
50.g5 b4 51.g6 b3 52.g7 b2 53.g8=Q b1=Q 54.Qc4+ Qb4 55.Qa2+ Kb5 56.Qd5+ Qc5
57.Qb3+ Kc6 58.Qf3+ Qd5 59.Qc3+ Kd6 60.Qg3+ Qe5 61.Qa3+ Kd7 62.Qa4+ Ke7 63.Kg6 Qf6+
64.Kh5 Qf5+ 65.Kh4 Kd6 66.Qd4+ Qd5 67.Qb6+ Ke5 68.Qc7+ Kd4 69.Qc1 Qe4+ 70.Kh5 a4
71.Qd2+ Kc4 72.Qa2+ Kc5 73.Qa3+ Kd5 74.Qa2+ Kd6 75.Qa3+ Ke6 76.Kg5 Qf5+ 77.Kh4 Qf4+
78.Kh5 Qc4 79.Qe3+ Kd6 80.Qb6+ Qc6 81.Qb8+ Kd5 82.Qg8+ Kc5 83.Qg1+ Kb5 84.Qb1+ Ka6
85.Qa2 Qc5+ 86.Kg6 a3 87.Qe2+ Ka5 88.Qd2+ Kb5 89.Qd3+ Kc6 90.Qa6+ Kc7 91.Qe2 Qd6+
92.Kf7 Qd5+ 93.Kg7 a2 94.Qc2+ Kb8 95.Qh2+ Ka8 96.Qb2 Qb7+  0-1

[Event "XXXI Open"]
[Site "Mar del Plata ARG"]
[Date "2000.04.18"]
[Round "4"]
[White "Soppe,G"]
[Black "Palmisano,J"]
[Result "1-0"]
[WhiteElo "2466"]
[BlackElo "2139"]

1.Nf3 Nf6 2.d4 e6 3.c4 Bb4+ 4.Bd2 Qe7 5.g3 Nc6 6.Nc3 O-O 7.Bg2 Bxc3 8.Bxc3 Ne4
9.Rc1 Nxc3 10.Rxc3 d6 11.O-O e5 12.d5 Nb8 13.b4 a5 14.Ra3 b6 15.bxa5 Rxa5
16.Rxa5 bxa5 17.Qa4 Nd7 18.Qxa5 Nc5 19.Nd2 Bb7 20.Nb3 Ra8 21.Qd2 Nd7 22.Rc1 Qd8
23.c5 Ba6 24.e3 Qb8 25.h3 Bb5 26.h4 Qa7 27.Qb4 Qa4 28.Qxa4 Bxa4 29.cxd6 cxd6
30.Nd2 Nc5 31.Nc4 Nd3 32.Rb1 Bc2 33.Rb6 Kf8 34.Nxd6 Rxa2 35.Rb7 f6 36.Rf7+ Kg8
37.Rc7 Kf8 38.Be4 Nb4 39.Rf7+ Kg8 40.Rb7 Ra1+ 41.Kh2  1-0

[Event "XVIII Open"]
[Site "Metz FRA"]
[Date "2000.04.19"]
[Round "5"]
[White "Caoili,A"]
[Black "Cooper,L"]
[Result "1/2-1/2"]
[WhiteElo "2078"]
[BlackElo "2338"]

1.Nf3 Nf6 2.c4 e6 3.d4 Bb4+ 4.Bd2 Qe7 5.g3 Bxd2+ 6.Qxd2 d5 7.Nc3 O-O 8.Bg2 dxc4
9.Ne5 c5 10.Qe3 cxd4 11.Qxd4 Rd8 12.Qxc4 Nbd7 13.Nd3 Nb6 14.Qc5 Kf8 15.Qe5 Nc4
16.Qf4 Nd6 17.Ne5 Bd7 18.Nxd7+ Rxd7 19.O-O Rc8 20.Rac1 b6  1/2-1/2

[Event "ch-BC"]
[Site "Vancouver CAN"]
[Date "2000.04.22"]
[Round "5"]
[White "Sokourinski,S"]
[Black "Herder,D"]
[Result "1/2-1/2"]
[WhiteElo "2125"]
[BlackElo "2263"]

1.d4 Nf6 2.Nf3 e6 3.c4 Bb4+ 4.Bd2 Qe7 5.g3 Nc6 6.Bg2 Bxd2+ 7.Qxd2 Ne4 8.Qc2 Qb4+
9.Kf1 d5 10.a3 Qxc4 11.Qxc4 dxc4 12.Ne5 Nxe5 13.dxe5 Nc5 14.Nd2 c3 15.bxc3 Bd7
16.f4 O-O-O 17.Ne4 Na4 18.Ng5 Be8 19.Rb1 Nc5 20.Ne4 Nxe4 21.Bxe4 b6 22.Kf2 c5
23.Ke3 Kc7 24.a4 Bc6 25.Bxc6 Kxc6 26.Rhd1 g6  1/2-1/2

[Event "12th Open"]
[Site "Lenk SUI"]
[Date "2000.04.23"]
[Round "7"]
[White "Kelecevic,N"]
[Black "Leib,A"]
[Result "1-0"]
[WhiteElo "2430"]
[BlackElo "2206"]

1.d4 Nf6 2.c4 e6 3.Nf3 Bb4+ 4.Bd2 Qe7 5.Nc3 Bxc3 6.Bxc3 Ne4 7.Rc1 O-O 8.g3 d6
9.Bg2 Nd7 10.O-O Nxc3 11.Rxc3 e5 12.e4 a5 13.Re1 Re8 14.Bh3 exd4 15.Nxd4 Nc5
16.Bxc8 Raxc8 17.Rce3 g6 18.Qd2 a4 19.h4 Qf6 20.b4 axb3 21.axb3 Ra8 22.Nb5 Ne6
23.Kg2 Qg7 24.f4 Rec8 25.b4 Ra1 26.Rxa1 Qxa1 27.f5 Nf8 28.Nc3 Ra8 29.Re1 Qa3
30.Rb1 Nd7 31.h5 Ne5 32.hxg6 fxg6 33.c5 Kg7 34.Qd4 Qa6 35.b5 Qa3 36.b6 Ra4
37.Nxa4 Qf3+ 38.Kh3 gxf5 39.Qd1 Qe3 40.exf5 Qe4 41.Nc3 Qxf5+ 42.Kg2 Ng4 43.Qd4+ Ne5
44.Rf1  1-0

[Event "XVIII Open"]
[Site "Metz FRA"]
[Date "2000.04.23"]
[Round "9"]
[White "Arkell,K"]
[Black "Renaze,L"]
[Result "1-0"]
[WhiteElo "2436"]
[BlackElo "2249"]

1.d4 Nf6 2.Nf3 e6 3.c4 Bb4+ 4.Bd2 Qe7 5.g3 Nc6 6.Nc3 Bxc3 7.Bxc3 Ne4 8.Rc1 Nxc3
9.Rxc3 O-O 10.Bg2 d6 11.d5 Nd8 12.dxe6 Nxe6 13.O-O a5 14.Re1 Nc5 15.Nd4 Bd7
16.e4 Rfe8 17.Rce3 Rad8 18.Qd2 Qf6 19.Rd1 b6 20.Ne2 Bc6 21.Nc3 Rd7 22.b3 Rde7
23.Rde1 h5 24.h4 Qg6 25.Qc2 Qh6 26.Qd1 f5 27.Nd5 Bxd5 28.Qxd5+ Qe6 29.exf5 Qxd5
30.Bxd5+ Kf8 31.Bf3 Nd3 32.Rxe7 Rxe7 33.Ra1 Re1+ 34.Rxe1 Nxe1  1-0

[Event "Open"]
[Site "Dubai UAE"]
[Date "2000.04.28"]
[Round "1"]
[White "Magerramov,E"]
[Black "Ali Saif,A"]
[Result "1-0"]
[WhiteElo "2562"]
[BlackElo "2160"]

1.d4 Nf6 2.c4 e6 3.Nf3 Bb4+ 4.Bd2 Qe7 5.g3 b6 6.Bg2 Bb7 7.O-O Bxd2 8.Qxd2 O-O
9.Nc3 d6 10.d5 Nbd7 11.Nd4 Nc5 12.b4 Ncd7 13.f4 g6 14.a3 exd5 15.cxd5 Rfe8
16.e4 a5 17.Rac1 axb4 18.axb4 Nb8 19.Rfe1 Na6 20.Ncb5 Qd7 21.Qc3 Ng4 22.h3 Nh6
23.Kh2 f5 24.exf5 Nxf5 25.Re6 Nxd4 26.Nxd4 Qg7 27.Qd2 Re7 28.Rce1 Rae8 29.f5 Rxe6
30.Nxe6 Qf6 31.fxg6 hxg6 32.Rf1 Qe5 33.Qh6  1-0

[Event "VI Leonardo Di Bona"]
[Site "Cutro ITA"]
[Date "2000.05.01"]
[Round "5"]
[White "Ortega,Le"]
[Black "Abatino,M"]
[Result "1-0"]
[WhiteElo "2479"]
[BlackElo "2248"]

1.d4 Nf6 2.Nf3 e6 3.c4 Bb4+ 4.Bd2 Qe7 5.g3 Nc6 6.Bg2 Bxd2+ 7.Nbxd2 d6 8.O-O a5
9.e4 e5 10.d5 Nb8 11.Ne1 O-O 12.Nd3 Na6 13.f4 Ng4 14.Qe2 exf4 15.gxf4 Qh4
16.Nf3 Qh6 17.Qd2 Bd7 18.Rae1 Rfe8 19.h3 Nf6 20.e5 Nh5 21.Ng5 Bf5 22.e6 f6
23.Be4 Ng3 24.Bxf5 Nxf5 25.Qg2 fxg5 26.fxg5 Qh4 27.Rxf5 Qxc4 28.Qf3 Nc5 29.Nxc5 Qxc5+
30.Kh2 Rf8 31.Rf7 Qc2+ 32.Re2 Qg6 33.Rf2 Rxf7 34.exf7+ Kf8 35.Qg4 Rd8 36.h4 h5
37.Qe2 c6 38.dxc6 bxc6 39.Qe3 d5 40.Qb6 Qd6+ 41.Kh1 d4 42.Qxa5 d3 43.Qd2 Qd4
44.Rf4 Qxf4 45.Qxf4 d2 46.Qb4+ Kxf7 47.Qb3+ Kg6 48.Qc2+ Kf7 49.Qd1 Ke6 50.Kg2 Kf5
51.Kf3  1-0

[Event "Open"]
[Site "Dubai UAE"]
[Date "2000.05.02"]
[Round "5"]
[White "Magerramov,E"]
[Black "Gokhale,C"]
[Result "1-0"]
[WhiteElo "2562"]
[BlackElo "2378"]

1.d4 Nf6 2.c4 e6 3.Nf3 Bb4+ 4.Bd2 Qe7 5.g3 Nc6 6.Nc3 O-O 7.Bg2 Bxc3 8.Bxc3 Ne4
9.Rc1 d5 10.O-O Rd8 11.Qd3 Bd7 12.Rfd1 Be8 13.Nd2 Nxc3 14.Qxc3 Rac8 15.e3 Qb4
16.Qc2 a5 17.a3 Qe7 18.Qc3 a4 19.Re1 Qf6 20.cxd5 exd5 21.Qd3 Qd6 22.Rcd1 Rb8
23.Nb1 Ne7 24.Nc3 Bc6 25.Rc1 Qg6 26.Qd1 Ra8 27.Re2 h5 28.Rec2 Be8 29.h4 c6
30.Bf3 f6 31.Rd2 Nf5 32.Bg2 Nd6 33.Nxa4 Nc4 34.Re2 Bd7 35.Nc3 Bg4 36.Qc2 Bf5
37.e4 dxe4 38.Bxe4 Nd6 39.Qb3+ Kh8 40.Bg2 Bd3 41.Ree1 Nf5 42.d5 cxd5 43.Nxd5 Nd4
44.Qd1 Nc6 45.Nf4 Qh7 46.Rc5 Ne5 47.Rd5 Rxd5 48.Bxd5 Ba6 49.Bg2 Rc8 50.Qd6 Qc2
51.Be4 Qxb2 52.Ng6+ Nxg6 53.Bxg6 Qc3 54.Qe6 Bb5 55.Re3 Qa1+ 56.Kh2 Rd8 57.Qf5 Qd1
58.Qxb5  1-0

[Event "Kaissa CC"]
[Site "Kharkov UKR"]
[Date "2000.05.04"]
[Round "7"]
[White "Shalimov,V UKR"]
[Black "Katuzian,V"]
[Result "1-0"]
[WhiteElo "2400"]
[BlackElo "2283"]

1.d4 Nf6 2.c4 e6 3.Nf3 Bb4+ 4.Bd2 Bxd2+ 5.Qxd2 O-O 6.Nc3 d5 7.e3 Qe7 8.Bd3 dxc4
9.Bxc4 c5 10.O-O Rd8 11.Rad1 Nc6 12.Qe2 cxd4 13.exd4 Bd7 14.Ne5 Be8 15.Nxc6 bxc6
16.d5 cxd5 17.Nxd5 Nxd5 18.Bxd5 Rab8 19.Bc4 Rxd1 20.Rxd1 Rd8 21.h3 g6 22.a3 Bc6
23.Rxd8+ Qxd8 24.Bxe6 Qg5 25.Bg4 Qc1+ 26.Kh2 Qf4+ 27.g3 Qf6 28.h4 Bb7 29.Qe8+ Kg7
30.Qe3 Qc6 31.Qc3+ f6 32.Qxc6 Bxc6 33.f4 g5 34.Kg1 gxh4 35.gxh4 Kg6 36.Kf2 Kf7
37.Ke3 Ke7 38.Kd4 Kd6 39.b4 Ba4 40.Be2 Ke6 41.Bd3 h6 42.Kc5 Be8 43.b5 Bh5
44.a4 Bf3 45.a5 Bg2 46.b6 axb6+ 47.axb6 Bf3 48.Bc4+ Kd7 49.Bd5 Be2 50.Be6+  1-0

[Event "Ivan Cvitanovic Mem"]
[Site "Split CRO"]
[Date "2000.05.05"]
[Round "7"]
[White "Soln,P"]
[Black "Zaja,I"]
[Result "1/2-1/2"]
[WhiteElo "2382"]
[BlackElo "2452"]

1.d4 e6 2.c4 Nf6 3.Nf3 Bb4+ 4.Bd2 Qe7 5.g3 Nc6 6.Bg2 Bxd2+ 7.Nbxd2 d6 8.O-O a5
9.e4 e5 10.d5 Nb8 11.Ne1 h5 12.h3 h4 13.g4 Nfd7 14.Nd3 Na6 15.Qa4 Nc5 16.Nxc5 dxc5
17.Rae1 O-O 18.Qa3 Ra6 19.Qc3  1/2-1/2

[Event "FSIM May"]
[Site "Budapest HUN"]
[Date "2000.05.10"]
[Round "5"]
[White "Straub,P"]
[Black "Eperjesi,L"]
[Result "0-1"]
[WhiteElo "2126"]
[BlackElo "2365"]

1.d4 Nf6 2.c4 e6 3.Nf3 Bb4+ 4.Bd2 a5 5.Nc3 b6 6.a3 Bxc3 7.Bxc3 Ne4 8.Qc2 Bb7
9.e3 O-O 10.Bd3 f5 11.O-O Nxc3 12.Qxc3 Bxf3 13.gxf3 Qh4 14.Kg2 Rf6 15.Rh1 Rg6+
16.Kf1 d6 17.d5 Nd7 18.dxe6 Qh3+ 19.Ke2 Ne5 20.Rag1 Qxf3+ 21.Ke1 Re8 22.Be2 Qe4
23.Kd1 Rexe6 24.Qc2 Ng4 25.Bxg4 Rxg4 26.Qxe4 Rexe4 27.Rxg4 Rxg4 28.b3 a4
29.Ke2 axb3 30.Kd3 Kf7 31.h3 Rg2 32.Ke2 b2 33.Rb1 Rh2 34.Rxb2 Rxh3 35.a4 Ke6
36.Rb5 Rh1 37.a5 bxa5 38.Rxa5 c5 39.Ra7 g5  0-1

[Event "Capablanca Mem Premier I"]
[Site "Varadero CUB"]
[Date "2000.05.10"]
[Round "4"]
[White "Almeida,O"]
[Black "Lopez Martinez,J"]
[Result "1-0"]
[WhiteElo "2348"]
[BlackElo "2465"]

1.d4 e6 2.c4 Nf6 3.Nf3 Bb4+ 4.Bd2 a5 5.Qc2 d5 6.a3 Be7 7.Nc3 Nbd7 8.Bf4 c6
9.e3 O-O 10.cxd5 exd5 11.Bd3 Nb6 12.h3 Nc4 13.O-O h6 14.Rad1 Nd6 15.Ne5 Be6
16.Na4 Nd7 17.Nc5 Nxc5 18.dxc5 Ne8 19.b4 axb4 20.axb4 Nf6 21.Nf3 Qd7 22.Nd4 Bd8
23.b5 cxb5 24.Bxb5 Qc8 25.Bd6 Bc7 26.Bxf8 Bxh3 27.f3  1-0

[Event "Cat IV Women"]
[Site "Banja Dvorovi YUG"]
[Date "2000.05.13"]
[Round "7"]
[White "Stoisavljevic,S"]
[Black "Jovanovic,San"]
[Result "1/2-1/2"]
[WhiteElo "2088"]
[BlackElo "2203"]

1.d4 Nf6 2.Nf3 e6 3.c4 Bb4+ 4.Bd2 Bxd2+ 5.Qxd2 d5 6.e3 O-O 7.Nc3 Qe7 8.Bd3 dxc4
9.Bxc4 Rd8 10.Qe2 c5 11.O-O Nc6 12.Rad1 cxd4 13.exd4 Bd7 14.a3 Rac8 15.Ba2 Qf8
16.Rfe1 Ne7  1/2-1/2

[Event "Open"]
[Site "Pula CRO"]
[Date "2000.05.17"]
[Round "2"]
[White "Cvitan,O"]
[Black "Orak,L"]
[Result "1-0"]
[WhiteElo "2489"]
[BlackElo "2325"]

1.d4 Nf6 2.Nf3 e6 3.c4 Bb4+ 4.Bd2 Qe7 5.g3 Nc6 6.Nc3 d5 7.a3 Bxc3 8.Bxc3 a5
9.Bg2 Ne4 10.O-O O-O 11.Qc2 Rd8 12.Rfd1 Bd7 13.Be1 Be8 14.e3 a4 15.Rac1 f6
16.Nd2 f5 17.Nb1 Bh5 18.f3 Nd6 19.Nd2 g5 20.Bf2 Qg7 21.Re1 Bf7 22.Qc3 Rd7
23.Bf1 h5 24.Kh1 Kh8 25.Bg2 Rad8 26.Qc2 dxc4 27.Nxc4 Nxc4 28.Qxc4 e5 29.Qxa4 exd4
30.exd4 Nxd4 31.Bxd4 Rxd4 32.Qb5 Rd2 33.Rxc7 Rd1 34.Qf1 Rxe1 35.Qxe1 Kg8
36.Bf1 Qd4 37.Qe7 Qd5 38.Qxg5+ Kf8 39.Be2 Rd6  1-0

[Event "ch-RUS Women"]
[Site "Elista RUS"]
[Date "2000.05.19"]
[Round "9"]
[White "Shumiakina,T"]
[Black "Galianina Ryjanova,J"]
[Result "1/2-1/2"]
[WhiteElo "2365"]
[BlackElo "2307"]

1.d4 Nf6 2.Nf3 e6 3.c4 Bb4+ 4.Bd2 Qe7 5.g3 Nc6 6.Nc3 Bxc3 7.Bxc3 Ne4 8.Rc1 O-O
9.Bg2 d6 10.d5 Nd8 11.dxe6 Nxe6 12.O-O Bd7 13.Bb4 a5 14.Ba3 N6c5 15.b3 f5
16.e3 Rf6 17.Bb2 Rh6 18.Nd4 Rf8 19.Ne2 Ne6 20.Nf4 Nxf4 21.exf4 Bc6 22.Re1 Qf7
23.Re3 Nxf2 24.Kxf2 Rxh2 25.Rf3 Qh5 26.Qd3 Re8 27.Rg1 Bxf3 28.Qxf3 Qxf3+
29.Kxf3 a4 30.Bc3 axb3 31.axb3 Ra8 32.Ra1 Rxa1 33.Bxa1 Rh6 34.Kf2 b6 35.Bd5+ Kf8
36.Kg2 Rg6 37.Bd4 Rh6 38.Bc6 Re6 39.Kf2 Re7 40.Bd5 Re8 41.b4 c5 42.Bc3 cxb4
43.Bxb4 Ke7 44.Bc3 g6 45.Bd4 Rb8 46.Kg2 Kd7 47.Kh3 Kc7 48.Kh4 Re8 49.Kg5 Re2
50.Bg7 Rh2 51.Bf8 Rh3 52.Kf6 Rxg3 53.Bh6 Rd3 54.Bg8 b5 55.cxb5 d5 56.Bf8 Kb6
57.Bxh7 Rf3 58.Bd6 d4 59.Bxg6 d3 60.Bxf5 d2 61.Bc2 Rf1 62.f5 Rc1  1/2-1/2

[Event "Master Open"]
[Site "Lausanne SUI"]
[Date "2000.06.01"]
[Round "3"]
[White "Epishin,V"]
[Black "Masserey,Y"]
[Result "0-1"]
[WhiteElo "2667"]
[BlackElo "2303"]

1.d4 Nf6 2.c4 e6 3.Nf3 Bb4+ 4.Bd2 Qe7 5.g3 Nc6 6.Nc3 Bxc3 7.Bxc3 Ne4 8.Rc1 O-O
9.Bg2 d6 10.d5 Nd8 11.Bb4 a5 12.Ba3 e5 13.Nd2 Nc5 14.Nb3 f6 15.O-O Nf7 16.Qd2 a4
17.Nxc5 dxc5 18.Ra1 Ra6 19.b4 axb3 20.axb3 b6 21.b4 cxb4 22.Bxb4 Nd6 23.Qc3 Bb7
24.c5 bxc5 25.Qxc5 e4 26.Rac1 Rb6 27.Rfd1 e3 28.f4 Rc8 29.Bh3 f5 30.Bxf5 Nxf5
31.Qxb6 cxb6 32.Rxc8+ Bxc8 33.Bxe7 Nxe7 34.d6 Nc6 35.d7 Ba6 36.Rc1 Nd8 37.Rc8  0-1

[Event "Bank Pocztowy Open"]
[Site "Bydgoszcz POL"]
[Date "2000.06.02"]
[Round "5"]
[White "Kludacz,M"]
[Black "Zolnierowicz,K"]
[Result "0-1"]
[WhiteElo "2261"]
[BlackElo "2340"]

1.d4 Nf6 2.c4 e6 3.Nf3 Bb4+ 4.Bd2 c5 5.g3 Qb6 6.Nc3 cxd4 7.Nb5 Bxd2+ 8.Qxd2 Nc6
9.Nfxd4 O-O 10.Bg2 a6 11.Nxc6 dxc6 12.Nd6 Rd8 13.Rd1 Ne8 14.Nxc8 Raxc8 15.Qc2 Rxd1+
16.Qxd1 Rd8 17.Qc2 Qb4+ 18.Qc3 Qxc3+ 19.bxc3 Nd6 20.c5 Nb5 21.c4 Nc3 22.f4 Nxa2
23.Kf2 Nc3 24.Ra1 Nd1+ 25.Kf3 Kf8 26.Rb1 Rd7 27.Rb3 Ke8 28.Bf1 Kd8 29.e4 Kc7
30.Ke2 a5 31.Ke1 a4 32.Ra3 Rd4 33.Rxa4 Nc3 34.Rb4 Nxe4  0-1

[Event "Parkroyal Int"]
[Site "Surfers Paradise AUS"]
[Date "2000.06.14"]
[Round "8"]
[White "Hanks,J"]
[Black "Weeks,Ma"]
[Result "1-0"]
[WhiteElo "2166"]
[BlackElo "2249"]

1.d4 Nf6 2.c4 e6 3.Nf3 Bb4+ 4.Bd2 Qe7 5.Qc2 Nc6 6.e3 Bxd2+ 7.Nbxd2 d6 8.a3 e5
9.d5 Nb8 10.Be2 O-O 11.O-O a5 12.b4 Na6 13.Rab1 g6 14.Rb2 Nh5 15.Rc1 axb4
16.axb4 b6 17.Qd1 f5 18.Nf1 f4 19.Ra1 Bb7 20.Qe1 Nb8 21.Rxa8 Bxa8 22.Qd1 Nd7
23.Ra2 Ndf6 24.Ra7 b5 25.cxb5 Qd8 26.Bc4 Nd7 27.e4 g5 28.h3 h6 29.Bd3 Nhf6
30.Qc2 Ne8 31.Qe2 Kh8 32.N3h2 Ndf6 33.Qa2 Bxd5 34.exd5 f3 35.g4 e4 36.Bc4 h5
37.Ne3 hxg4 38.hxg4 Qc8 39.b6 Nxg4 40.b7 Qb8 41.Nhxg4  1-0

[Event "White Nights Open"]
[Site "St Petersburg RUS"]
[Date "2000.06.24"]
[Round "2"]
[White "Smirnov,L"]
[Black "Nikolaev,N"]
[Result "1/2-1/2"]
[WhiteElo "2353"]
[BlackElo "2315"]

1.c4 e6 2.d4 Nf6 3.Nf3 Bb4+ 4.Bd2 Qe7 5.a3 Bxd2+ 6.Qxd2 O-O 7.Nc3 d6 8.e4 e5
9.d5 a5 10.Qc2 Nbd7 11.Rb1 Nh5  1/2-1/2

[Event "XVIII Open"]
[Site "Andorra AND"]
[Date "2000.06.25"]
[Round "2"]
[White "Kuzmin,A"]
[Black "Hernandez,Rom"]
[Result "1-0"]
[WhiteElo "2587"]
[BlackElo "2402"]

1.d4 Nf6 2.c4 e6 3.Nf3 Bb4+ 4.Bd2 Qe7 5.g3 O-O 6.Bg2 Bxd2+ 7.Qxd2 d6 8.Nc3 Re8
9.O-O e5 10.e4 Bg4 11.d5 Bxf3 12.Bxf3 a5 13.b3 Na6 14.Bg2 Nc5 15.Rab1 c6
16.Qe2 Qc7 17.Rfd1 h6 18.Bh3 cxd5 19.cxd5 Qb6 20.Na4 Nxa4 21.bxa4 Qa7 22.Rdc1 Re7
23.Rc4 g6 24.Qb2 Ne8 25.Qb6 Qxb6 26.Rxb6 Kf8 27.f3 Rd8 28.Bc8 Rc7 29.Rxc7 Nxc7
30.Bxb7 Rb8 31.Rb3 Ke7 32.Kf2 Kd8 33.Ke3 f5 34.exf5 gxf5 35.g4 f4+ 36.Ke4 Ke7
37.h4 Ne8 38.Bc6 Rxb3 39.axb3 Nc7 40.Kf5 Kf7 41.Bb5  1-0

[Event "VII Open"]
[Site "Linares CHI"]
[Date "2000.06.26"]
[Round "8"]
[White "Silva,C CHI"]
[Black "Caceres,S"]
[Result "1-0"]
[WhiteElo "2200"]
[BlackElo "2095"]

1.d4 Nf6 2.c4 e6 3.Nf3 Bb4+ 4.Bd2 Qe7 5.g3 Nc6 6.Bg2 Bxd2+ 7.Nbxd2 d6 8.O-O a5
9.Nb1 O-O 10.Nc3 e5 11.Rc1 e4 12.Ne1 Bf5 13.Nc2 Qd7 14.Ne3 Bh3 15.Ncd5 Ne8
16.c5 Bxg2 17.Kxg2 dxc5 18.dxc5 Qe6 19.Qb3 Nb4 20.Rfd1 Nxd5 21.Nxd5 c6 22.Nb6 Qxb3
23.axb3 Nf6 24.Nxa8 Rxa8 25.Rd4  1-0

[Event "Equitable Card Invitational"]
[Site "Quezon City PHI"]
[Date "2000.07.01"]
[Round "2"]
[White "Torre,E"]
[Black "Antonio,R"]
[Result "1/2-1/2"]
[WhiteElo "2557"]
[BlackElo "2551"]

1.d4 Nf6 2.c4 e6 3.Nf3 Bb4+ 4.Bd2 Qe7 5.g3 Nc6 6.Bg2 Bxd2+ 7.Nbxd2 d6 8.e4 e5
9.d5 Nb8 10.O-O a5 11.b3 Na6 12.a3 O-O 13.Ne1 Bg4 14.Bf3 Bh3 15.Bg2 Bg4 16.Bf3 Bh3
17.Bg2 Bg4  1/2-1/2